| 000 | 00585nam a2200229Ia 4500 | ||
|---|---|---|---|
| 003 | OSt | ||
| 005 | 20220928151101.0 | ||
| 006 | a|||||r|||| 00| 0 | ||
| 007 | ta | ||
| 008 | 220927b |||||||| |||| 00| 0 eng d | ||
| 024 | _a112377 | ||
| 037 | _cTextual | ||
| 040 |
_aSDCL _cSDCL _beng |
||
| 041 |
_2eng _aeng |
||
| 082 | _aA.2f,N14, P3.1-.3 | ||
| 100 |
_aIndian Science Congress _9516445 |
||
| 245 | 0 | _aShaping of Indian science | |
| 260 | _c2003 | ||
| 490 | _a- | ||
| 942 |
_hA.2f,N14, P3.1-.3 _cTEXL _2CC |
||
| 999 |
_c848968 _d848968 |
||